01828nas a2200241Ia 4500001001100000003001000011008004100021040002500062041001300087100003500100210002300135222002300158245007900181250001100260260009100271300002700362310001500389362003800404500050600442501011400948520050601062650001801568R262-R5133IT-CnALBA170116c99999999xx |||||||||||| ||und|| aIT-CnALBAcIT-CnALBA aITALIANO aPIO XII, PAPA PACELLI EUGENIO. aPALESTRA DEL CLERO aPALESTRA DEL CLERO 0aPALESTRA DEL CLERO. RIVISTA DI CULTURA E VITA ECCLESIASTCA. VPL. I. 1942.  a1a ed. a PA ROV. BELL.bISTIT. VEN. ARTI GRAF. c1942 [1° Ed.:1942 - Ed.Ling.Originale: 1942] a304 p. (prefazione: 8) aTRIMENSILE aFascicolo: 1-18 / Anno: 21 (1942) aDISCORSO NATALIZIO DEL PAPA. CASI E CONSULTAZIONI, CANONICO PENITENZIERE E GLI UFFICI DIOCESANI. INDICE AUTORI E ANALITICO PER MATERIA. TEOLOGIA, LA GRAZIA NELL'INSEGNAMENTO CATECHISTICO, MANCINI. SACRIFICIO DELLA MESSA. NUOVI ORIENTAMENTI DELLA DOGMATICA, DAL POZZO. OLI SANTI NEI SACRAMENTI. SACRAMENTI DEI GRECO ORTODOSSI E I CATTOLICI, FILOCALO. EFFICACIA DELLA PREGHIERA. CIELI E TERRA NUOVA, SANTI CON IL CORPO IN CIELO? IN QUESTIONE DI SIGILLO. IL POTERE DEI GENITORI NEL MATRIMONIO DEI FIGLI.  aSocietà San Paolo EM - Piazza San Paolo, 14 - 12051 ALBA (CN) (non commercial uses only) ® Copyright 2017 aDISCORSO NATALIZIO DEL PAPA. CASI E CONSULTAZIONI, CANONICO PENITENZIERE E GLI UFFICI DIOCESANI. INDICE AUTORI E ANALITICO PER MATERIA. TEOLOGIA, LA GRAZIA NELL'INSEGNAMENTO CATECHISTICO, MANCINI. SACRIFICIO DELLA MESSA. NUOVI ORIENTAMENTI DELLA DOGMATICA, DAL POZZO. OLI SANTI NEI SACRAMENTI. SACRAMENTI DEI GRECO ORTODOSSI E I CATTOLICI, FILOCALO. EFFICACIA DELLA PREGHIERA. CIELI E TERRA NUOVA, SANTI CON IL CORPO IN CIELO? IN QUESTIONE DI SIGILLO. IL POTERE DEI GENITORI NEL MATRIMONIO DEI FIGLI.  aECCLESIOLOGIA